Score 0/22 Timer 03:00
0 Plays Today
Hint Answer % Correct
The Big _____ TheoryBang
99.3%
Breaking _____Bad
98%
_____ BrotherBig
97.9%
_____ the Vampire SlayerBuffy
97.5%
The Brady _____Bunch
96.3%
Orange is the New _____Black
94.5%
Prison _____Break
92.8%
_____ Meets WorldBoy
92.1%
The _____ Newhart ShowBob
90.5%
Bob the _____Builder
89.7%
_____ GalacticaBattlestar
87.9%
Hint Answer % Correct
The _____ HillbilliesBeverly
87.5%
_____ and ButtheadBeavis
86.6%
The _____ LoserBiggest
86.6%
_____: Gotham KnightsBatman
84.9%
True _____Blood
81.5%
_____ CluesBlue's
80.7%
Dragon _____ ZBall
78.3%
Bosom _____Buddies
70.2%
The Carol _____ ShowBurnett
64.1%
The _____ Hill ShowBenny
60.6%
_____ EmpireBoardwalk
56.8%

Today's Daily Dose

Remove Ads.
Support Sporcle.
Get the best of Sporcle when you Go Orange. This ad-free experience offers more features, more stats, and more fun while also helping to support Sporcle. Thank you for becoming a member.

You're not logged in!

Compare scores with friends on all Sporcle quizzes.
OR
Log In

Show Comments

Extras

Top Quizzes Today


Score Distribution

Your Account Isn't Verified!

In order to create a playlist on Sporcle, you need to verify the email address you used during registration. Go to your Sporcle Settings to finish the process.

Report this User

Report this user for behavior that violates our Community Guidelines.

Details: